000 00605nam a2200241Ia 4500
003 OSt
005 20220924141435.0
006 a|||||r|||| 00| 0
007 ta
008 220923b |||||||| |||| 00| 0 ben d
024 _a298239
037 _cTextual
040 _aARTS
_cARTS
_bben
041 _2ben
_aben
082 _aO157:gx, L2
100 _aChoudhury Sasankamohan
_9212164
245 0 _aBarbela baithak
260 _c1972
300 _a155p.
_ccm.
650 _aBENGALI LITERATURE
942 _hO157:gx, L2
_cTEXL
_2CC
999 _c447267
_d447267